000 00458nam a2200205Ia 4500
008 210210b1937 xxu||||| |||| 00| 0 eng d
041 _aeng
082 _a826/5
100 _aBAKER (E A)
245 _aSecond the Elizabethan age and after
260 _aLondon
_b-
_c1937
650 _athe
650 _aSecond
650 _aElizabethan
650 _aand
650 _aage
650 _aafter
690 _aHistory of Literature
906 _a015554
999 _c134936
_d134936